| 000 | 00552nam a2200181Ia 4500 | ||
|---|---|---|---|
| 003 | GCL | ||
| 008 | 140319s9999 xx 000 0 ara d | ||
| 040 |
_aGCL / _cGCL |
||
| 082 | 0 | 4 |
_a813.009 _bح ح |
| 100 | 1 | _aحنا مينة | |
| 245 | 1 | 0 |
_aحوارات واحاديث فى الحياة والكتابة الروائية / _cحنا مينة |
| 300 | _a360 ص | ||
| 490 |
_aالكتاب الجديد _v0 |
||
| 650 | 0 | 4 | _aالنقد |
| 650 | 0 | 4 | _aالنقد الادبى |
| 650 | 0 | 4 | _aالادب العربى - تاريخ ونقد |
| 942 |
_2ddc _cBK |
||
| 999 |
_c47930 _d47930 |
||